000 00295nam a22001337a 4500
008 171201b xxu||||| |||| 00| 0 eng d
020 _a9780471400103
041 _aeng
080 _a004
100 _a29
101 _aSHKI
245 _aENTERPRISE INTEGRATION
_cCUMMINS, F.A
942 _2udc
_cBK
999 _c38651
_d38651